00426pab a2200145 454500008004000000100003100040245008700071260000900158300001300167362001200180650001900192650001100211700003200222773002600254180718b2003 xxu||||| |||| 00| 0 eng d aSingh, soraisan Joychandra aA study of performance of investigating officers in Indian criminal justice system c2003 ap.29-38. aJan-Mar aPolice - India aPolice aChanu, Loitongbam Bilashine aIndian Police Journal